000 00273 a2200121 4500
999 _c322693
_d322693
001 87620
003 NUST
005 20180124123758.0
008 180124b xxu||||| |||| 00| 0 eng d
082 _a658.0076 BOB
100 _aJerry Bobrow
_99698
245 _aGMAT CAT
_cJerry Bobrow
260 _aIndia
_bHungry Minds
300 _a432p
942 _aCAE NUST
_cBK
_k658.007 6 BOB
_2ddc